000
002780000a22000970004500
100
1
_a
Butler, Phill
245
1
0
_a
The universal medium : Radio's special role in world evangelism
300
_a
Vol. 13, Núm 49 (1987), Páginas 20-21
773
0
_t
World Evangelization
942
_c
ANA
999
_c
58115
_d
58115